Statistiques concernant Bonjour l'Amour - Cendrillon [Paroles entières]

Cliquez ici pour prendre le quiz!

Statistiques générales

  • Ce quiz a été pris 135 fois
  • Le résultat moyen est 40 sur 55

Statistiques - réponses

XParoles% Correct
99%
la
99%
Le
96%
ce
95%
l'amour
95%
L'amour
95%
l'amour
95%
C'est
93%
C'est
93%
ça
87%
ça
87%
qui
85%
dans
84%
vie
82%
Je
81%
StropheJe
81%
je
81%
mon
81%
mon
81%
Mon
81%
Que
80%
que
80%
rêve
80%
tes
80%
es
78%
es
78%
grand
78%
Tu
78%
Tu
78%
Et
76%
une
76%
amour
74%
coeur
74%
est
73%
bras
72%
fait
72%
sais
71%
sous
66%
chanter
65%
déjà
64%
j'attendais
62%
danse
59%
fou
59%
d'étoiles
58%
infini
58%
pluie
58%
m'envole
56%
bonheur
55%
s'affole
52%
Mmm
31%
mmm
31%
mmm
31%
mmm
31%
mmm
31%
StropheMmm
31%

Distribution des résultats

Percentile par nombre de réponses

% des personnes avec chaque résultat

Votre développement - résultats

Vous n’avez pas pris ce quiz